000 00956nam a2200265 a 4500
001 000004221
005 20240501133509.0
008 780213s2000 sp b 000 0 spa
020 _a8474320976
040 _aDO-SdBNP
_bspa
_cBNPHU
082 _a330.15
_bB342e
100 1 _aBaudrillard, Jean,
_d1929-2007.
_912463
240 1 3 _aLe Miroir de la production.
_lEspañol
245 1 3 _aEl espejo de la producción :
_bo la ilusión de la crítica del materialismo histórico /
_cJean Baudrillard ; traducción, Irene Agoff ; ilustración de cubierta, Alma Larroca.
246 1 3 _aEl espejo de la producción
260 _aBarcelona :
_bGedisa,
_c2000.
300 _a178 p. ;
_c20 cm.
490 1 _aFilosofía
490 1 _aCla-De-Ma.
650 0 _aEconomía marxista
_99435
650 4 _aProducción (teoría económica)
_912464
700 1 _aAgoff, Irene,
_etr.
_912465
700 1 _aLarroca, Alma
_eil.
_912466
830 0 _aFilosófia;
_pCla-De-Ma.
_912467
999 _c4035
_d4035